000 00404nam a2200157Ia 4500
008 230711s9999||||xx |||||||||||||| ||und||
020 _a81-7409-061-4
041 _aENG
082 _a627
_bGA-H
100 _aGarg Santosh Kumar
245 0 _aHydrology and water resources engineering
250 _a22th Ed.
260 _c2016
_aNew Delhi
_bKhanna Publishers
650 _aCivil Engineering
942 _cBK
999 _c4269
_d4269